Aproximaciones a la diversidad juvenil /

Compilación que reúne varios análisis de la condición joven de los individuos, tanto en un nivel de discusión teórica como en uno de estudios de procesos concretos. Ambas tipos de trabajos presentes en la compilación cuestionan los parámetros etarios y psicobiológicos como determinantes de las front...

Popoln opis

Shranjeno v:
Bibliografske podrobnosti
Glavni avtor: Medina Carrasco, Gabriel (comp.)
Format: Knjiga
Jezik:španščina
Izdano: México : El Colegio de México, 2000, c2000
Teme:
Oznake: Označite
Brez oznak, prvi označite!

MARC

LEADER 00000nam^a2200000^a^4500
001 000121854
005 20250521000000.0
009 20260310094441.639
020 |a 968-12-0936-2 
037 |a Acervo ITESO - Biblioteca 
041 |a ESP 
082 |a 305. 23  |b MED 
100 |a Medina Carrasco, Gabriel  |e (comp.) 
245 1 0 |a Aproximaciones a la diversidad juvenil /  |c Comp. y presen. de G. Medina Carrasco. 
264 4 |a México :  |b El Colegio de México,  |c 2000, c2000 
300 |a 355 p. 
336 |a texto  |b txt  |2 rdacontenido 
337 |a sin mediación  |b n  |2 rdamedio 
338 |a volumen  |b nc  |2 rdasoporte 
520 |a Compilación que reúne varios análisis de la condición joven de los individuos, tanto en un nivel de discusión teórica como en uno de estudios de procesos concretos. Ambas tipos de trabajos presentes en la compilación cuestionan los parámetros etarios y psicobiológicos como determinantes de las fronteras de la condición joven y resaltan los aspectos socioculturales que condicionan la emergencia de los jóvenes, a lo largo de procesos históricos, como sujetos sociales diferenciados. 
649 |a XX 
650 |a Jóvenes -  |x Condiciones Sociales y Culturales 
650 |a Actores Sociales 
650 |a Sociología de la Cultura -  |x Teoría 
650 |a Sociología de la Cultura -  |x Metodología 
650 |a Epistemología 
910 |a Fondo General 
920 |a Impresos - Libros 
930 |a Colección General 
905 |a 101 
901 |a 0500056174  |b IT1  |c ACC  |u 20250521 
901 |a 0500090452  |b IT1  |c ACC  |u 20250521 
902 |a https://opac.biblio.iteso.mx/vufind/Record/000121854